La nuova prova orale / (Registro nro. 6399)

Detalles MARC
000 -CABECERA
campo de control de longitud fija 00659nam a22002297ic4500
001 - NÚMERO DE CONTROL
campo de control IT\ICCU\USM\2050143
003 - IDENTIFICADOR DEL NÚMERO DE CONTROL
campo de control ItRI
005 - FECHA Y HORA DE LA ÚLTIMA TRANSACCIÓN
campo de control 20260211163813.0
008 - DATOS DE LONGITUD FIJA--INFORMACIÓN GENERAL
campo de control de longitud fija 250206s2020 it |||||| ||||| |||||c
020 ## - NÚMERO INTERNACIONAL ESTÁNDAR DEL LIBRO
Número Internacional Estándar del Libro 9788899358938
040 ## - FUENTE DE LA CATALOGACIÓN
Lengua de catalogación
Centro/agencia transcriptor
041 #7 - CÓDIGO DE LENGUA
Código de lengua del texto/banda sonora o título independiente ita
Fuente del código ISO-639-2
080 ## - NÚMERO DE LA CLASIFICACIÓN DECIMAL UNIVERSAL
Número de la Clasificación Decimal Universal 811.131.1
100 1# - ENTRADA PRINCIPAL--NOMBRE DE PERSONA
Nombre de persona Marin, Telis
Código de función/relación aut
245 13 - MENCIÓN DE TÍTULO
Título La nuova prova orale /
Mención de responsabilidad, etc. Telis Marin, Francesco Di Paolo.
260 ## - PUBLICACIÓN, DISTRIBUCIÓN, ETC. (PIE DE IMPRENTA)
Lugar de publicación, distribución, etc. Roma :
Nombre del editor, distribuidor, etc. Edilingua,
Fecha de publicación, distribución, etc. 2020
300 ## - DESCRIPCIÓN FÍSICA
Extensión 127 p. :
Otras características físicas ill. a colori ;
Dimensiones 29 cm
650 #0 - PUNTO DE ACCESO ADICIONAL DE MATERIA--TÉRMINO DE MATERIA
Término de materia o nombre geográfico como elemento inicial Italiano
Subdivisión general Lengua
9 (RLIN) 544
700 1# - PUNTO DE ACCESO ADICIONAL--NOMBRE DE PERSONA
Nombre de persona Di Paolo, Francesco
Títulos y otros términos asociados al nombre (docente di italiano)
Código de función/relación aut
942 ## - ELEMENTOS DE PUNTO DE ACCESO ADICIONAL (KOHA)
Fuente del sistema de clasificación o colocación Clasificación Decimal Universal
Tipo de ítem Koha Libros
981 #1 - EQUIVALENCIA O REFERENCIA-CRUZADA-MENCIÓN DE SERIE--NOMBRE DE ENTIDAD CORPORATIVA/TÍTULO [LOCAL, CANADÁ]
Enlace z01
Nombre de entidad corporativa o nombre de jurisdicción como elemento de entrada i
Unidad subordinada xxxe
Existencias
Estado de retiro Estado de pérdida Fuente del sistema de clasificación o colocación Estado dañado Excepción de préstamo Código de colección Localización permanente Ubicación/localización actual Ubicación en estantería Fecha de adquisición Fuente de adquisición Número de inventario Total de préstamos Signatura topográfica completa Código de barras Fecha visto por última vez Precio válido a partir de Tipo de ítem Koha
    Clasificación Decimal Universal     Idiomas BIBLIOTECA CENTRAL BIBLIOTECA CENTRAL BIBLIOTECA CENTRAL 11/02/2026 Donación 9274   811.131.1 MAR 9274 11/02/2026 11/02/2026 Libros